01542nam a2200421 i 450000100060000000300080000600500170001400600190003100700150005000800410006502000180010602000270012403500230015103500240017403500250019803500210022304000310024405000250027508000070030008200160030710000370032324500870036025000460044726400560049330000410054933600310059033700330062133800430065450000220069750400290071958801280074863000500087663000550092665100240098165100260100565500270103185600620105822994FlNmELB20241216214042.0m o d | cr cnu||||||||141117s2013 sp ob 001 0 spa d z9788499450193 a9788499457628 (e-book) a(MiAaPQ)EBC3222094 a(Au-PeEL)EBL3222094 a(CaPaEBR)ebr10902733 a(OCoLC)992003786 aFINmELBbspaerdacFINmELB 4aBS2625.2b.G643 2013 a220 a226.6062231 aGonzález Echegaray, Joaquín.14aLos hechos de los apóstoles y el mundo romano /cJoaquín González Echegaray. aSegunda edición revisada y actualizada. 1aEstella (Navarra) :bEditorial Verbo Divino,c2013. a1 recurso en línea (302 páginas) atextobtxt2rdacontent/spa acomputadorabc2rdamedia/spa arecurso en líneabcr2rdacarrier/spa aIncluye índice. aContiene bibliografía. aDescripción basada en recurso en línea; Título de la página del título en PDF (e-libro, visto November 17, 2014).00aBible.pActsxCriticism, interpretation, etc.04aBiblia.pHechosxCrítica, interpretación, etc. 0aRomexCivilization. 4aRomaxCivilización. 4aLibros electrónicos.40uhttps://elibro.net/ereader/politecnicointernacional/62159